[Event "Titled Tuesday intern op 07th Nov Early"]
[Site "Chess.com INT"]
[Date "2023.11.07"]
[Round "4"]
[White "Avazkhonov, Alikhon"]
[Black "Begunov, Konstantin"]
[Result "1-0"]
[WhiteElo "1538"]
[BlackElo "2325"]
[PlyCount "73"]
[EventDate "2023.11.07"]
[EventType "swiss (blitz)"]
[EventRounds "11"]
[EventCountry "USA"]
[SourceTitle "EXT 2025"]
[Source "ChessBase"]
[SourceDate "2024.10.14"]
[SourceVersion "1"]
[SourceVersionDate "2024.10.14"]
[SourceQuality "1"]

1. d4 d5 2. c4 c6 3. Nc3 Nf6 4. Nf3 dxc4 5. a4 Bg4 6. Ne5 Bh5 7. f3 Nfd7 8. Nxc4 e5 9. Nxe5 Nxe5 10. dxe5 Nd7 11. f4 Bb4 12. g3 Qe7 13. Bg2 f6 14. exf6 Nxf6 15. Qc2 Nd5 16. 0-0 Ne3 17. Bxe3 Qxe3+ 18. Kh1 Bg6 19. f5 Bf7 20. f6 0-0 21. Ne4 Bb3 22. Qd3 Qxd3 23. exd3 Rad8 24. fxg7 Rxf1+ 25. Rxf1 Rxd3 26. Nf6+ Kxg7 27. Be4 Rd1 28. Ne8+ Kh6 29. Rxd1 Bxd1 30. a5 Bxa5 31. Nd6 b5 32. Bxc6 b4 33. Nc4 Bd8 34. Ne3 Bb3 35. h4 Bf6 36. Be8 Bxb2 37. Nf5# 1-0

[Event "Titled Tuesday intern op 07th Nov Early"]
[Site "Chess.com INT"]
[Date "2023.11.07"]
[Round "6"]
[White "Avazkhonov, Alikhon"]
[Black "Matveeva, Olga"]
[Result "1-0"]
[WhiteElo "1538"]
[BlackElo "2156"]
[PlyCount "63"]
[EventDate "2023.11.07"]
[EventType "swiss (blitz)"]
[EventRounds "11"]
[EventCountry "USA"]
[SourceTitle "EXT 2025"]
[Source "ChessBase"]
[SourceDate "2024.10.14"]
[SourceVersion "1"]
[SourceVersionDate "2024.10.14"]
[SourceQuality "1"]

1. d4 d5 2. c4 e6 3. Nc3 Nf6 4. cxd5 exd5 5. Bg5 Be7 6. e3 c6 7. Bd3 Nbd7 8. Qc2 Nh5 9. Bxe7 Qxe7 10. 0-0-0 Nb6 11. Kb1 Be6 12. Nf3 0-0-0 13. Ne5 f6 14. Nf3 g6 15. Rc1 Kb8 16. Nd2 Ng7 17. Nb3 Bf5 18. Bxf5 Nxf5 19. Nc5 Nc4 20. Ka1 b6 21. Na6+ Kb7 22. Qa4 Rc8 23. Nb4 b5 24. Qa6+ Ka8 25. Nxc6 Qb7 26. Qxb7+ Kxb7 27. Nb4 a5 28. Nbxd5 b4 29. Ne4 Rhf8 30. Ndxf6 a4 31. Nd7 Rfd8 32. Ndc5+ 1-0

[Event "Titled Tuesday intern op 07th Nov Early"]
[Site "Chess.com INT"]
[Date "2023.11.07"]
[Round "8"]
[White "Perez Gormaz, Matias Ariel"]
[Black "Avazkhonov, Alikhon"]
[Result "1-0"]
[WhiteElo "2400"]
[BlackElo "1538"]
[PlyCount "83"]
[EventDate "2023.11.07"]
[EventType "swiss (blitz)"]
[EventRounds "11"]
[EventCountry "USA"]
[SourceTitle "EXT 2025"]
[Source "ChessBase"]
[SourceDate "2024.10.14"]
[SourceVersion "1"]
[SourceVersionDate "2024.10.14"]
[SourceQuality "1"]

1. d4 d5 2. Bf4 Nf6 3. e3 e6 4. Nd2 Bd6 5. Bxd6 Qxd6 6. f4 0-0 7. Ngf3 c5 8. c3 Nc6 9. Ne5 b6 10. Bd3 Bb7 11. 0-0 Ne7 12. Qb1 c4 13. Bc2 b5 14. g4 g6 15. Rf3 Kg7 16. Rh3 h5 17. gxh5 Nxh5 18. Kh1 Rh8 19. Qg1 Nf5 20. Bxf5 exf5 21. Ndf3 Rag8 22. Ng5 Rf8 23. Ngf3 Rfg8 24. a4 b4 25. cxb4 Kf8 26. b5 f6 27. Nxg6+ Ke8 28. Nfh4 Qe6 29. a5 Rh6 30. Qf2 Rhxg6 31. Nxg6 Rxg6 32. Rg1 Qe4+ 33. Qf3 Rxg1+ 34. Kxg1 Qb1+ 35. Qf1 Qxf1+ 36. Kxf1 Ng7 37. Rh8+ Kd7 38. Rb8 Kc7 39. Rf8 Ne6 40. Rxf6 Kd6 41. h4 a6 42. b6 1-0

[Event "Titled Tuesday intern op 07th Nov Early"]
[Site "Chess.com INT"]
[Date "2023.11.07"]
[Round "10"]
[White "Preotu, Razvan"]
[Black "Avazkhonov, Alikhon"]
[Result "0-1"]
[WhiteElo "2461"]
[BlackElo "1538"]
[PlyCount "126"]
[EventDate "2023.11.07"]
[EventType "swiss (blitz)"]
[EventRounds "11"]
[EventCountry "USA"]
[SourceTitle "EXT 2025"]
[Source "ChessBase"]
[SourceDate "2024.10.14"]
[SourceVersion "1"]
[SourceVersionDate "2024.10.14"]
[SourceQuality "1"]

1. e4 c5 2. Nf3 d6 3. d4 cxd4 4. Nxd4 Nf6 5. Nc3 a6 6. Be3 e5 7. Nb3 Be6 8. h3 Nc6 9. Qf3 d5 10. exd5 Bxd5 11. Nxd5 Qxd5 12. Qf5 e4 13. Qxd5 Nxd5 14. 0-0-0 Nxe3 15. fxe3 Be7 16. Bc4 0-0 17. Bd5 Bg5 18. Bxe4 Bxe3+ 19. Kb1 Rac8 20. Rd7 b5 21. Rd6 Ne5 22. Re1 Bf4 23. Rxa6 f5 24. Bd5+ Kh8 25. Re6 Nc4 26. c3 Rcd8 27. Bxc4 bxc4 28. Nd4 h6 29. Rf1 Bg5 30. Rc6 Rfe8 31. Rxc4 Be3 32. Nxf5 Bg5 33. Rd4 Rb8 34. Rf2 Re1+ 35. Kc2 Rc1+ 36. Kd3 Rd1+ 37. Kc4 Rc8+ 38. Kb3 Rb8+ 39. Rb4 Rf8 40. Rf3 Rd5 41. Nd4 Re8 42. a4 Bc1 43. Rb5 Rd6 44. Kc2 Bg5 45. h4 Be3 46. Nf5 Rd2+ 47. Kb3 Bf2 48. Rb7 Re1 49. Nxg7 Rb1 50. Rff7 Rdxb2+ 51. Kc4 Rxb7 52. Rxf2 Kxg7 53. a5 Rc7+ 54. Kd5 Rd1+ 55. Ke6 Rxc3 56. Ra2 Re3+ 57. Kf5 Rd5+ 58. Kf4 Re7 59. a6 Ra7 60. g4 Rd6 61. Kf5 Rdxa6 62. Re2 Rf6+ 63. Ke4 Re7+ 0-1

[Event "Titled Tuesday intern op 31st Oct Late"]
[Site "Chess.com INT"]
[Date "2023.10.31"]
[Round "6"]
[White "Avazkhonov, Alikhon"]
[Black "Kovalevsky, Stanislav"]
[Result "1-0"]
[WhiteElo "1538"]
[BlackElo "2163"]
[PlyCount "81"]
[EventDate "2023.10.31"]
[EventType "swiss (blitz)"]
[EventRounds "11"]
[EventCountry "USA"]
[SourceTitle "EXT 2025"]
[Source "ChessBase"]
[SourceDate "2024.10.14"]
[SourceVersion "1"]
[SourceVersionDate "2024.10.14"]
[SourceQuality "1"]

1. d4 d5 2. c4 c6 3. Nc3 Nf6 4. Nf3 e6 5. Bg5 h6 6. Bh4 dxc4 7. e4 g5 8. Bg3 b5 9. h4 g4 10. Ne5 h5 11. Be2 Bb4 12. Qc2 Qxd4 13. 0-0 Bxc3 14. bxc3 Qxe4 15. Qd2 Nbd7 16. f3 Qd5 17. Qe3 Qc5 18. Qxc5 Nxc5 19. fxg4 hxg4 20. Rxf6 Ne4 21. Nxf7 Nxg3 22. Nxh8 Nxe2+ 23. Kf2 Nxc3 24. Re1 Bd7 25. Ng6 0-0-0 26. h5 Nxa2 27. h6 c3 28. h7 c2 29. Rf8 Nc3 30. Rxd8+ Kc7 31. h8Q Nd1+ 32. Ke2 c1Q 33. Rxd1 Qc2+ 34. Ke1 Qxg6 35. R1xd7+ Kb6 36. Qd4+ c5 37. Rb8+ Ka5 38. Qa1+ Kb4 39. Qb2+ Kc4 40. Qxb5+ Kc3 41. Qb3# 1-0

[Event "Titled Tuesday intern op 31st Oct Late"]
[Site "Chess.com INT"]
[Date "2023.10.31"]
[Round "11"]
[White "Avazkhonov, Alikhon"]
[Black "Sroczynski, Maciej"]
[Result "1-0"]
[WhiteElo "1538"]
[BlackElo "2266"]
[PlyCount "71"]
[EventDate "2023.10.31"]
[EventType "swiss (blitz)"]
[EventRounds "11"]
[EventCountry "USA"]
[SourceTitle "EXT 2025"]
[Source "ChessBase"]
[SourceDate "2024.10.14"]
[SourceVersion "1"]
[SourceVersionDate "2024.10.14"]
[SourceQuality "1"]

1. d4 Nf6 2. c4 e6 3. Nc3 d5 4. cxd5 exd5 5. Bg5 Be7 6. e3 0-0 7. Bd3 c6 8. Qc2 Nbd7 9. Nf3 Re8 10. 0-0-0 Nf8 11. Kb1 Ne4 12. Bxe4 Bxg5 13. Bd3 Be7 14. h4 Be6 15. Rdg1 b5 16. g4 a5 17. Ne5 Rc8 18. g5 b4 19. Ne2 c5 20. dxc5 Bxc5 21. Qd2 d4 22. Nxd4 Bxd4 23. exd4 Qd5 24. b3 Red8 25. Rd1 a4 26. Bc4 Qa5 27. Bxe6 Nxe6 28. d5 axb3 29. axb3 Rc3 30. Qa2 Qxa2+ 31. Kxa2 Nc5 32. Kb2 Rxb3+ 33. Kc2 Rc3+ 34. Kb2 Rb3+ 35. Kc2 Ra8 36. Ra1 1-0

[Event "Titled Tuesday intern op 31st Oct Early"]
[Site "Chess.com INT"]
[Date "2023.10.31"]
[Round "7"]
[White "Djokic, Mihailo"]
[Black "Avazkhonov, Alikhon"]
[Result "1-0"]
[WhiteElo "2170"]
[BlackElo "1538"]
[PlyCount "83"]
[EventDate "2023.10.31"]
[EventType "swiss (blitz)"]
[EventRounds "11"]
[EventCountry "USA"]
[SourceTitle "EXT 2025"]
[Source "ChessBase"]
[SourceDate "2024.10.14"]
[SourceVersion "1"]
[SourceVersionDate "2024.10.14"]
[SourceQuality "1"]

1. e4 c5 2. Nf3 d6 3. d4 cxd4 4. Nxd4 Nf6 5. Nc3 a6 6. Rg1 e5 7. Nb3 h5 8. h3 Be6 9. g4 hxg4 10. hxg4 d5 11. exd5 Nxd5 12. Nxd5 Qxd5 13. Be3 Nc6 14. Qxd5 Bxd5 15. 0-0-0 0-0-0 16. Bb6 Rd7 17. g5 Be7 18. Be2 Be6 19. Rxd7 Bxd7 20. Bc4 Rh5 21. Be3 f5 22. gxf6 Bxf6 23. Nc5 Bf5 24. Bd5 Kc7 25. c3 Bc8 26. Ne4 Ne7 27. Nxf6 gxf6 28. Rg7 Kd6 29. Bf3 Rh3 30. Bg2 Rh2 31. b4 Nf5 32. Bc5+ Ke6 33. Rg8 Kd7 34. Be4 Nh4 35. Rg7+ Ke8 36. Rc7 Bg4 37. Bxb7 f5 38. Bxa6 e4 39. b5 f4 40. b6 Rh1+ 41. Kb2 Bf5 42. b7 1-0

[Event "Titled Tuesday intern op 31st Oct Late"]
[Site "Chess.com INT"]
[Date "2023.10.31"]
[Round "5"]
[White "Florianovitz, Derlei Alex"]
[Black "Avazkhonov, Alikhon"]
[Result "1-0"]
[WhiteElo "2068"]
[BlackElo "1538"]
[PlyCount "111"]
[EventDate "2023.10.31"]
[EventType "swiss (blitz)"]
[EventRounds "11"]
[EventCountry "USA"]
[SourceTitle "EXT 2025"]
[Source "ChessBase"]
[SourceDate "2024.10.14"]
[SourceVersion "1"]
[SourceVersionDate "2024.10.14"]
[SourceQuality "1"]

1. e4 c5 2. Nf3 d6 3. d4 cxd4 4. Nxd4 Nf6 5. Nc3 a6 6. h3 e5 7. Nde2 h5 8. Bg5 Be6 9. g3 Nbd7 10. Bg2 b5 11. 0-0 Qb6 12. Be3 Qc7 13. a3 Be7 14. Nd5 Nxd5 15. exd5 Bf5 16. Rc1 Nb6 17. Bxb6 Qxb6 18. Nc3 h4 19. g4 Bg6 20. Ne4 Bxe4 21. Bxe4 Bg5 22. Rb1 0-0 23. Qf3 g6 24. Kg2 Bf4 25. b3 Rac8 26. Bd3 Rc3 27. Rfe1 Qc7 28. Re4 Bg5 29. Re2 f5 30. gxf5 gxf5 31. Qh5 Qg7 32. a4 e4 33. axb5 exd3 34. cxd3 axb5 35. Re6 Bf6+ 36. Kh1 Rfc8 37. Rg1 Rc1 38. Re8+ Rxe8 39. Qxe8+ Kh7 40. Qh5+ Kg8 41. Rxc1 Qb7 42. Qg6+ Bg7 43. Re1 Qxd5+ 44. Kh2 Qa8 45. Re8+ Qxe8 46. Qxe8+ Kh7 47. Qe6 f4 48. Qxd6 f3 49. Qf4 Bc3 50. Qxh4+ Kg6 51. Qg4+ Kf6 52. Qxf3+ Kg5 53. Kg2 Kh6 54. Qg4 b4 55. f4 Bd4 56. f5 1-0

[Event "Titled Tuesday intern op 24th Oct Early"]
[Site "Chess.com INT"]
[Date "2023.10.24"]
[Round "3"]
[White "Avazkhonov, Alikhon"]
[Black "Tristan, Leonardo"]
[Result "0-1"]
[WhiteElo "1538"]
[BlackElo "2523"]
[PlyCount "56"]
[EventDate "2023.10.24"]
[EventType "swiss (blitz)"]
[EventRounds "11"]
[EventCountry "USA"]
[SourceTitle "EXT 2025"]
[Source "ChessBase"]
[SourceDate "2024.10.14"]
[SourceVersion "1"]
[SourceVersionDate "2024.10.14"]
[SourceQuality "1"]

1. d4 d5 2. c4 e6 3. Nc3 a6 4. cxd5 exd5 5. Bf4 Nf6 6. e3 Bd6 7. Bg3 0-0 8. Bd3 b6 9. Nf3 Bb7 10. 0-0 Bxg3 11. hxg3 Nbd7 12. Rc1 Re8 13. b4 Ne4 14. Bxe4 dxe4 15. Nd2 Nf6 16. Qb3 Ng4 17. Ne2 Qd6 18. Nf4 g5 19. Ne2 Bd5 20. Qb2 Re7 21. Rc3 Qh6 22. Rfc1 Qh2+ 23. Kf1 Rd8 24. Ng1 Rd6 25. Rxc7 Rxc7 26. Rxc7 Rf6 27. Rc8+ Kg7 28. Nxe4 Bxe4 0-1

[Event "Titled Tuesday intern op 10th Oct Early"]
[Site "Chess.com INT"]
[Date "2023.10.10"]
[Round "11"]
[White "Bersamina, Paulo"]
[Black "Avazkhonov, Alikhon"]
[Result "0-1"]
[WhiteElo "2434"]
[BlackElo "1538"]
[PlyCount "106"]
[EventDate "2023.10.10"]
[EventType "swiss (blitz)"]
[EventRounds "11"]
[EventCountry "USA"]
[SourceTitle "EXT 2025"]
[Source "ChessBase"]
[SourceDate "2024.10.14"]
[SourceVersion "1"]
[SourceVersionDate "2024.10.14"]
[SourceQuality "1"]

1. e4 c5 2. Nc3 d6 3. Nge2 Nf6 4. d4 cxd4 5. Nxd4 a6 6. a4 e5 7. Nf3 Qc7 8. Bg5 Nbd7 9. Nd2 h6 10. Bh4 Be7 11. Bc4 0-0 12. Ba2 b6 13. g4 g5 14. Bxg5 hxg5 15. h4 Nh7 16. Nd5 Qd8 17. Nc4 Ndf6 18. Ncxb6 Rb8 19. Nxc8 Rxc8 20. Qf3 Nxd5 21. Bxd5 gxh4 22. Qf5 Bg5 23. c3 Qf6 24. Ke2 Kg7 25. Rh3 Rh8 26. b4 Bf4 27. Bb7 Rb8 28. Bxa6 Qxf5 29. gxf5 Ng5 30. Rg1 Kf6 31. Rxg5 Kxg5 32. Bc4 Kg4 33. Rh1 h3 34. Bxf7 h2 35. Be6 Kg5 36. a5 Rh3 37. f3 Rh7 38. a6 Ra7 39. Bc4 Rc8 40. Kd3 Rac7 41. a7 Rxc4 42. Rc1 Bxc1 43. Kc2 Rxc3+ 44. Kb1 Rb3+ 45. Ka2 Rb2+ 46. Ka3 Ra8 47. Ka4 Rxa7+ 48. Kb5 Rc7 49. Kb6 Rc4 50. b5 Be3+ 51. Ka6 h1Q 52. f6 Qa1+ 53. Kb7 Rxb5# 0-1

[Event "Titled Tuesday intern op 10th Oct Early"]
[Site "Chess.com INT"]
[Date "2023.10.10"]
[Round "10"]
[White "Kaminski, Victor Kazimierz"]
[Black "Avazkhonov, Alikhon"]
[Result "0-1"]
[WhiteElo "2247"]
[BlackElo "1538"]
[PlyCount "96"]
[EventDate "2023.10.10"]
[EventType "swiss (blitz)"]
[EventRounds "11"]
[EventCountry "USA"]
[SourceTitle "EXT 2025"]
[Source "ChessBase"]
[SourceDate "2024.10.14"]
[SourceVersion "1"]
[SourceVersionDate "2024.10.14"]
[SourceQuality "1"]

1. e4 c5 2. Nf3 d6 3. Bb5+ Nd7 4. 0-0 a6 5. Bxd7+ Bxd7 6. Re1 Nf6 7. Nc3 g6 8. d4 cxd4 9. Nxd4 Bg7 10. Bg5 0-0 11. Qf3 Rc8 12. Rad1 h6 13. Bxf6 Bxf6 14. Nd5 Bg7 15. c3 e6 16. Ne3 Qb6 17. Nb3 a5 18. e5 Bxe5 19. Ng4 Bg7 20. Qf4 e5 21. Nf6+ Bxf6 22. Qxf6 Be6 23. h4 h5 24. Nd2 Qxb2 25. Ne4 d5 26. Ng5 Rc6 27. Qxe5 Qxc3 28. Qf4 Bf5 29. Re3 Qc4 30. Rd4 Qc1+ 31. Kh2 Rc4 32. Nf3 Rxd4 33. Nxd4 Qc4 34. Kg3 Be4 35. f3 Qxd4 36. fxe4 dxe4 37. Rxe4 Qc3+ 38. Re3 Qb2 39. Qf2 Qxf2+ 40. Kxf2 Rb8 41. Rb3 b5 42. Ke3 b4 43. a3 Kg7 44. Kd4 f5 45. Kc5 Kf6 46. Kc6 Rc8+ 47. Kd7 Rc3 48. Rb1 Rxa3 0-1

[Event "Titled Tuesday intern op 10th Oct Early"]
[Site "Chess.com INT"]
[Date "2023.10.10"]
[Round "4"]
[White "Lopez del Alamo, Antonio"]
[Black "Avazkhonov, Alikhon"]
[Result "0-1"]
[WhiteElo "2295"]
[BlackElo "1538"]
[PlyCount "30"]
[EventDate "2023.10.10"]
[EventType "swiss (blitz)"]
[EventRounds "11"]
[EventCountry "USA"]
[SourceTitle "EXT 2025"]
[Source "ChessBase"]
[SourceDate "2024.10.14"]
[SourceVersion "1"]
[SourceVersionDate "2024.10.14"]
[SourceQuality "1"]

1. e4 c5 2. Nf3 d6 3. d4 cxd4 4. Nxd4 Nf6 5. Nc3 a6 6. Be2 e5 7. Nb3 Be7 8. Be3 Be6 9. Nd5 Bxd5 10. exd5 Nbd7 11. Qd2 b5 12. Na5 Qc7 13. Nc6 Rc8 14. 0-0 Bd8 15. f3 0-0 0-1

[Event "Titled Tuesday intern op 10th Oct Early"]
[Site "Chess.com INT"]
[Date "2023.10.10"]
[Round "7"]
[White "Tarasova, Viktoriya"]
[Black "Avazkhonov, Alikhon"]
[Result "1-0"]
[WhiteElo "2226"]
[BlackElo "1538"]
[PlyCount "63"]
[EventDate "2023.10.10"]
[EventType "swiss (blitz)"]
[EventRounds "11"]
[EventCountry "USA"]
[SourceTitle "EXT 2025"]
[Source "ChessBase"]
[SourceDate "2024.10.14"]
[SourceVersion "1"]
[SourceVersionDate "2024.10.14"]
[SourceQuality "1"]

1. d4 d5 2. c4 e6 3. Nc3 c6 4. Nf3 dxc4 5. a4 Bb4 6. e3 b5 7. Bd2 a5 8. axb5 Bxc3 9. Bxc3 cxb5 10. b3 Bb7 11. bxc4 b4 12. Bb2 Nf6 13. Bd3 0-0 14. 0-0 Nbd7 15. Nd2 Qc7 16. Bc2 Rfd8 17. f3 e5 18. Qe2 exd4 19. exd4 Nb6 20. d5 Nbxd5 21. Ne4 Nxe4 22. Qxe4 Nf6 23. Qf5 Qb6+ 24. c5 Qe6 25. Qg5 Rd5 26. Qg3 Rxc5 27. Rae1 Qc6 28. Be4 Qb6 29. Bd4 Bxe4 30. fxe4 Rd8 31. Rxf6 Qb5 32. Rd6 1-0

[Event "Titled Tuesday intern op 03rd Oct Early"]
[Site "Chess.com INT"]
[Date "2023.10.03"]
[Round "4"]
[White "Alahakoon, Isuru"]
[Black "Avazkhonov, Alikhon"]
[Result "0-1"]
[WhiteElo "1882"]
[BlackElo "1538"]
[PlyCount "92"]
[EventDate "2023.10.03"]
[EventType "swiss (blitz)"]
[EventRounds "11"]
[EventCountry "USA"]
[SourceTitle "EXT 2025"]
[Source "ChessBase"]
[SourceDate "2024.10.14"]
[SourceVersion "1"]
[SourceVersionDate "2024.10.14"]
[SourceQuality "1"]

1. Nf3 d5 2. e3 c6 3. c4 Nf6 4. Nc3 g6 5. d4 Bg7 6. Be2 0-0 7. 0-0 Bf5 8. h3 Nbd7 9. cxd5 cxd5 10. Qb3 Nb6 11. a4 a5 12. Bd2 Ne4 13. Nxe4 dxe4 14. Nh2 e5 15. Rfd1 exd4 16. exd4 Be6 17. Qb5 Nd5 18. Ng4 Bxd4 19. Bh6 Bg7 20. Bxg7 Kxg7 21. Bc4 h5 22. Bxd5 Bd7 23. Bxb7 Bxb5 24. Rxd8 Raxd8 25. axb5 hxg4 26. hxg4 Rd2 27. Bxe4 Rxb2 28. Rxa5 Rd8 29. g5 Rd1+ 30. Kh2 Rxf2 31. b6 Rb2 32. b7 Rdd2 33. Re5 Re2 34. Re7 Kf8 35. Re5 Rxb7 36. Kg3 Re7 37. Rxe7 Kxe7 38. Bf3 Rb2 39. Kf4 Rb4+ 40. Ke3 Ke6 41. Kd3 Ke5 42. Kc3 Rb6 43. Kd3 Rd6+ 44. Ke3 Kf5 45. Be4+ Kxg5 46. Bf3 f5 0-1

[Event "Titled Tuesday intern op 03rd Oct Early"]
[Site "Chess.com INT"]
[Date "2023.10.03"]
[Round "2"]
[White "Sultanbek, Zeinep"]
[Black "Avazkhonov, Alikhon"]
[Result "0-1"]
[WhiteElo "1969"]
[BlackElo "1538"]
[PlyCount "68"]
[EventDate "2023.10.03"]
[EventType "swiss (blitz)"]
[EventRounds "11"]
[EventCountry "USA"]
[SourceTitle "EXT 2025"]
[Source "ChessBase"]
[SourceDate "2024.10.14"]
[SourceVersion "1"]
[SourceVersionDate "2024.10.14"]
[SourceQuality "1"]

1. d4 Nf6 2. c4 g6 3. Nc3 d5 4. Nf3 Bg7 5. e3 0-0 6. Qb3 e6 7. Bd2 Nc6 8. cxd5 exd5 9. Be2 b6 10. Rc1 Bb7 11. Na4 Ne4 12. 0-0 Nxd2 13. Nxd2 Re8 14. Nc5 Na5 15. Qb4 bxc5 16. Qxa5 cxd4 17. Bb5 c6 18. Qxd8 Raxd8 19. Bxc6 Bxc6 20. Rxc6 dxe3 21. fxe3 Rxe3 22. Rc7 Bd4 23. Kh1 f5 24. Nf3 Bb6 25. Rc2 d4 26. Rd2 d3 27. Rfd1 Ba5 28. Kg1 Bxd2 29. Rxd2 Re2 30. Rxe2 dxe2 31. Kf2 Re8 32. Ke1 Rc8 33. Nd4 Rc1+ 34. Kxe2 Rb1 0-1

[Event "Titled Tuesday intern op 26th Sep Early"]
[Site "Chess.com INT"]
[Date "2023.09.26"]
[Round "10"]
[White "Valenzuela Gomez, Fernando Alberto"]
[Black "Avazkhonov, Alikhon"]
[Result "0-1"]
[WhiteElo "2404"]
[BlackElo "1538"]
[PlyCount "52"]
[EventDate "2023.09.26"]
[EventType "swiss (blitz)"]
[EventRounds "11"]
[EventCountry "USA"]
[SourceTitle "EXT 2024"]
[Source "ChessBase"]
[SourceDate "2023.10.10"]
[SourceVersion "1"]
[SourceVersionDate "2023.10.10"]
[SourceQuality "1"]

1. d4 Nf6 2. c4 g6 3. Nc3 d5 4. Nf3 Bg7 5. h4 0-0 6. h5 dxc4 7. hxg6 hxg6 8. e4 c5 9. d5 e6 10. Bxc4 exd5 11. exd5 Re8+ 12. Kf1 a6 13. a4 Bg4 14. Bf4 Ne4 15. Qd3 Bf5 16. Nxe4 Bxe4 17. Qd2 Qf6 18. Re1 Nd7 19. Ng5 Bf5 20. d6 Rxe1+ 21. Qxe1 Bd3+ 22. Bxd3 Qxf4 23. Qe7 Bd4 24. Ne4 c4 25. g3 Qf3 26. Qxd7 Qxh1+ 0-1

[Event "Titled Tuesday intern op 19th Sep Early"]
[Site "Chess.com INT"]
[Date "2023.09.19"]
[Round "11"]
[White "Fernandez, Maria Florencia"]
[Black "Avazkhonov, Alikhon"]
[Result "0-1"]
[WhiteElo "2099"]
[BlackElo "1538"]
[PlyCount "62"]
[EventDate "2023.09.19"]
[EventType "swiss (blitz)"]
[EventRounds "11"]
[EventCountry "USA"]
[SourceTitle "EXT 2024"]
[Source "ChessBase"]
[SourceDate "2023.10.10"]
[SourceVersion "1"]
[SourceVersionDate "2023.10.10"]
[SourceQuality "1"]

1. d4 Nf6 2. c4 g6 3. Nc3 d5 4. cxd5 Nxd5 5. e4 Nxc3 6. bxc3 Bg7 7. Bc4 c5 8. Be3 0-0 9. Ne2 Nc6 10. 0-0 b6 11. Qd2 Bb7 12. Rad1 Qc7 13. d5 Ne5 14. Bb3 Rfd8 15. c4 e6 16. h3 exd5 17. exd5 b5 18. f4 Nxc4 19. Bxc4 bxc4 20. Nc3 Qa5 21. Rc1 Bxd5 22. Qe1 Bb7 23. f5 Bd4 24. fxg6 hxg6 25. Bxd4 cxd4 26. Qe7 Bd5 27. Ne4 Be6 28. Rf6 Qe5 29. Rxg6+ Kh7 30. Rg5 Qxe4 31. Qf6 Rd5 0-1

[Event "Titled Tuesday intern op 12th Sep Early"]
[Site "Chess.com INT"]
[Date "2023.09.12"]
[Round "1"]
[White "Avazkhonov, Alikhon"]
[Black "Tsaruk, Maksim"]
[Result "0-1"]
[WhiteElo "1538"]
[BlackElo "2444"]
[PlyCount "84"]
[EventDate "2023.09.12"]
[EventType "swiss (blitz)"]
[EventRounds "11"]
[EventCountry "USA"]
[SourceTitle "EXT 2024"]
[Source "ChessBase"]
[SourceDate "2023.10.10"]
[SourceVersion "1"]
[SourceVersionDate "2023.10.10"]
[SourceQuality "1"]

1. d4 Nf6 2. c4 e6 3. Nc3 d5 4. cxd5 exd5 5. Bg5 c6 6. e3 Be7 7. Bd3 0-0 8. Qc2 Nbd7 9. Nf3 Re8 10. 0-0-0 Bb4 11. Bxh7+ Kh8 12. Bd3 Qa5 13. Kb1 Bxc3 14. Qxc3 Qxc3 15. bxc3 Ne4 16. Bxe4 Rxe4 17. Nd2 Rg4 18. Bf4 Rxg2 19. Bg3 Nf6 20. Rdf1 Bf5+ 21. Kc1 Re8 22. Nf3 Bd3 23. Re1 Ne4 24. Nh4 Rxf2 25. Bxf2 Nxf2 26. Rhg1 Bh7 27. Re2 Ne4 28. Kb2 Re6 29. Nf3 c5 30. Ng5 Rb6+ 31. Ka1 Nxg5 32. Reg2 Nf3 33. Rf1 c4 34. Rgf2 Ng5 35. h4 Ne4 36. Rxf7 Nxc3 37. Rf8+ Bg8 38. Rc1 Ne4 39. Rb8 c3 40. a4 Kh7 41. a5 Rb5 42. Rf1 Be6 0-1